Collected writings of John Maynard Keynes 1: Indian currency and finance (v. 1) (Record no. 132565)

MARC details
000 -LEADER
fixed length control field 00469nam a2200145Ia 4500
008 - FIXED-LENGTH DATA ELEMENTS--GENERAL INFORMATION
fixed length control field 191130s1989##################000#0#eng##
020 ## - INTERNATIONAL STANDARD BOOK NUMBER
ISBN 521220939
082 ## - DEWEY DECIMAL CLASSIFICATION NUMBER
Classification number 330.156 KEY.1
245 ## - TITLE STATEMENT
Title Collected writings of John Maynard Keynes 1: Indian currency and finance (v. 1)
Statement of responsibility, etc John Maynard Keynes
260 ## - PUBLICATION, DISTRIBUTION, ETC. (IMPRINT)
Place of publication London
Name of publisher Macmillan Cambridge University Press
Year of publication 1989
991 ## -
-- 40985
Holdings
Withdrawn status Lost status Damaged status Not for loan Home library Current library Shelving location Date acquired Full call number Accession Number Price effective from Koha item type
        Anna Centenary Library Anna Centenary Library 4TH FLOOR, A WING 12.10.2020 330.156 KEY.1 309097 12.10.2020 English Books

Find us on the map